[Ilevia] Entrez les arrêts de la ligne L2 - Statistiques

Statistiques générales
  • Ce quiz a été pris 6 fois
  • Le résultat moyen est 11 sur 23
Statistiques - réponses
Lignes Arrêt % Correct
L2 , 77R Wattignies Centre Commercial
80%
L2 Barbusse
60%
CO2 , 916 , 931 , L2 Châtelet
60%
L2 Collège Descartes
60%
L2 (Uniquement vers Wattignies Centre Commercial) Curie
60%
L2 Hôpital Michel Fontan
60%
L2 Hôpital Roger Salengro
60%
58 , CO2 , 916 , 931 , 879 , 882 , L2 La Marlière
60%
CO2 , L2 La Paix
60%
L2 Loos Les Oliveaux
60%
L2 Mirabeau
60%
55 , 920 , L92 , L2 Blériot
40%
55 , L2 , L92 Eurasanté
40%
58 , 931 , CO2 , L2 , 879 , 882 Faculté de Medecine
40%
14 , 920 , L2 Fléming
40%
55 , L2 , L92 Happe Qui Peut
40%
58 , 931 , CO2 , L2 , 879 , 882 Hôpital Jeanne de Flandre
40%
58 , 931 , CO2 , L2 , 879 , 882 Institut Cœur Poumon
40%
14 , 920 , L2 Laënnec
40%
55 , 58 , 916 , 931 , 934 , 879 , 882 , CITL , CO1 , CO2 , L92 , REM1 , M1 , 22R , 25R Lille CHU Eurasanté
40%
55 , L2 , L92 Recherche
40%
55 , 920 , L92 , L2 Terray
40%
L2 Leclerc
20%
Aucun quiz correspondant
Distribution des résultats
% des personnes avec chaque résultat
Percentile par nombre de réponses
Votre historique - résultats
Vous n’avez pas pris ce quiz